| 000 | 01036nas a2200277Ia 4500 | ||
|---|---|---|---|
| 001 | R042/67633 | ||
| 003 | IT-RoPAU | ||
| 008 | 151124c99999999xx |||||||||||| ||und|| | ||
| 040 | _aIT-RoPAU | ||
| 040 | _cIT-RoPAU | ||
| 041 | _aINGLESE | ||
| 100 |
_aAncona Leonardo _gCodice Aut. SPICS: 9913 |
||
| 210 | _aIKON-REVUE INTERNATIONAL DE FILMOLOGIE | ||
| 222 | _aIkon-Revue International De Filmologie | ||
| 245 |
_aIKON-REVUE INTERNATIONALE DE FILMOLOGIE (N.057-1966) _bAggressivity Discharge Effect Through Films Causing Strong Emotional Stress |
||
| 250 | _a1a ed. | ||
| 260 |
_aMILANO _bISTITUTO AGOSTINO GEMELLI _c1966 |
||
| 501 |
_bPaulus - SPICS - SocietĂ San Paolo EM (non-commercial uses only) _cCopyright2015 |
||
| 300 | _a21 p. [7-27] | ||
| 362 | _a(N.057-1966) | ||
| 500 | _aEffetti di AggressivitĂ Tramite Film che Causano un Forte Stress Emozionale. Questionari della Ricerca. | ||
| 650 |
_aCINEMA _vPUBBLICAZIONE PERIODICA |
||
| 700 | _aBertini Mario | ||
| 700 | _gCodice Aut. SPICS: 8959 | ||
| 942 | _cCR | ||
| 999 |
_c187536 _d187536 |
||